| 000 | 00756nam a2200253Ia 4500 | ||
|---|---|---|---|
| 003 | OSt | ||
| 005 | 20220925232811.0 | ||
| 006 | a|||||r|||| 00| 0 | ||
| 007 | ta | ||
| 008 | 220923b |||||||| |||| 00| 0 eng d | ||
| 037 | _cGeneral Book | ||
| 040 |
_aRTL _cRTL _beng |
||
| 041 |
_2eng _aeng |
||
| 082 | _aY72.71.N7, L7 | ||
| 100 |
_aSpinder George _9297754 |
||
| 245 | 0 |
_aNative North American cultures _b Four cases.The Han |
|
| 260 |
_aNew York _bHolt Rinehart and Winston _c1977 |
||
| 300 |
_a508p _ccm. |
||
| 500 | _aBibiliography: P 499-503 | ||
| 650 |
_aTribes _940733 |
||
| 700 |
_a Spinder Louise Ed. _9297755 |
||
| 942 |
_hY72.71.N7, L7 _cGB _2CC |
||
| 999 |
_c592159 _d592159 |
||